02023nam a22001697a 4500999001900000008004100019100004800060245012200108260002800230300003000258520131200288650009001600773002701690906002401717942000701741952010501748 c515412d515412210127b ||||| |||| 00| 0 eng d aSinha, Bobby Luthra. and Singh Anand923934 aEmbodying a preparedness to die: Why bishnois of western Rajasthan rise in defence of the blackbuck and the Chinkara? aSociological Bulletin  a69(1), Apr, 2020: p.34-50 aOften referred to as the custodians of nature, the Bishnois have been taking initiatives to curb the illegal hunting/poaching of animals such as the blackbuck and the chinkara that are fully covered under the provisions of the Indian Wildlife Protection Act (WLPA, 1972). From within the realms of their philosophical engagement with nature, the Bishnois imagine the law offenders from hunting communities, such as Ban Bawri and Bhil, and those who come to be defined exclusively as poachers as the ‘violent’ other. While the hunting tribes heavily contest such a viewpoint, the contours of a grass-roots debate as well as Bishnoi activism against destruction of natural resources continue to fortify in western Rajasthan. The growth of an organised protest movement of the Bishnois, spearheaded by the Bishnoi Tiger Force (BTF), since the past two decades has also coincided with an embodiment of the community’s general preparedness to die in defence of the wildlife. What fuels the spirit and the sentiment behind this rising defence of the endangered wildlife, amidst other creatures of the desert? How do Bishnoi repertoires of protest influence the discourses of other involved communities and manage to keep the democracy of India on constant alertness in the great Indian Thar? – Reproduced  aWestern Rajasthan, Bishnois, blackbuck, Chinkara, Wildlife protection Act 1972920880 aSociological Bulletin  aWILDLIFE PROTECTION cAR 00102ddc40709389491aIIPAbIIPAd2021-01-27h69(1), Apr, 2020: p.34-50pAR123921r2021-01-27yAR